000 01104nam0a22002531 4500
001 rc\910698
005 20260407102132.0
035 _a(NLR Aleph) 006085468
090 _a5120496
_c5120496
100 _a20041129d1983 |||y0rusy50 ca
101 0 _arus
102 _aRU
105 _ay |||||||||
200 1 _aОбщая методология учета требований унификации при стандартизации изделий машиностроения и приборостроения
_eМетод. рекомендации
_eМР 98-83
_f[Разраб. Крейтер С.В. и др.]
210 _aМ.
_cВНИИНмаш
_d1983
215 _a37 с.
_d21
225 1 _aУнификация
_fВНИИ по нормализации в машиностроении
702 1 _aКрейтер
_bС.В.
_gСергей Владимирович
_4570
712 0 2 _aВНИИ по нормализации в машиностроении
_3RU\NLR\AUTH\889929882
_9355341
801 0 _aRU
_bNLR
_gpsbo
801 1 _aRU
_bELAR
_2rusmarc
852 _aNLR
_j84-4/7750
942 _cBOOK
980 _aNB